| 000 | 00733nam a22002297a 4500 | ||
|---|---|---|---|
| 999 |
_c14863 _d14863 |
||
| 003 | AR-CdUCM | ||
| 008 | 190424b ||||| |||| 00| 0 spa d | ||
| 020 | _a978-612-47128-3-8 | ||
| 040 |
_aMUNICIPALIDAD PROVINCIAL DEL CUSCO _cBIBLIOTECA MUNICIPAL DEL CUSCO |
||
| 082 |
_aPI / 808 / _bG25 |
||
| 100 |
_aGarayar, Carlos _924901 |
||
| 245 | _aLos sueños de Charito / | ||
| 260 |
_aPerú : _bPanamericana, _c2016. |
||
| 300 |
_a35 páginas : _bIlustraciones, _c21 cm. |
||
| 440 |
_aColección niños del Perú _933814 |
||
| 650 |
_aLiteratura peruana infantil _933815 |
||
| 650 |
_aCuentos peruanos _97 |
||
| 650 |
_aCuentos andinos _966 |
||
| 700 |
_aAyuni, Christian _933312 |
||
| 942 |
_2ddc _cLIBROS |
||
| 945 |
_adavv _d24/04/2019 |
||